000
00504nam a2200181Ia 4500
008
090124s9999 xx 000 0 und d
082
_b
121173
100
_a
नाईक गुरुनाथ
245
_a
गुलाम राजा
250
_a
1
260
_c
1985
300
_a
203
600
_a
नाईक गुरुनाथ
630
_a
गुलाम राजा
700
_a
नाईक गुरुनाथ
730
_a
गुलाम राजा
942
_c
BOOK
999
_c
167259
_d
167259